000 00461nam a2200169 i 4500
001 bg
100 1 _aDOBROGOWSKI, Jan
245 0 _aTłoczenie metali impulsowym polem magnetycznym /
_cJ. Dobrogowski, Z. Kołaczkowski, F. Tychowski.
260 _aWarszawa,
_c1979.
700 1 _aKOŁACZKOWSKI, Zdzisław
700 1 _aTYCHOWSKI, Feliks
040 _cBPK
041 _apol
080 _a621.97
942 _cKS
008 s pl f |000 0 pol
999 _c18876
_d18876
856 _uhttp://koha.tu.koszalin.pl/cgi-bin/koha/opac-detail.pl?biblionumber=18876
_yKatalog online BPK